Loading...
| Literature - British Literature | 0 | 7 | 1 | 1 | 65 | 86 | 108.86 | 1 | 4 |
| Literature - World Literature | 1 | 4 | 0 | 0 | 55 | 58 | 87.60 | 0 | 3 |
| Literature - European Literature | 0 | 6 | 2 | 0 | 50 | 88 | 100.17 | 1 | 3 |
| Fine Arts - Visual Fine Arts | 0 | 4 | 1 | 2 | 35 | 93 | 114.75 | 0 | 1 |
| Science - Physics | 0 | 3 | 0 | 1 | 30 | 81 | 103.00 | 0 | 1 |
| Literature - American Literature | 0 | 3 | 1 | 0 | 25 | 78 | 102.33 | 1 | 1 |
| Social Science | 0 | 2 | 0 | 0 | 20 | 81 | 82.00 | 0 | 1 |
| Mythology | 1 | 0 | 0 | 0 | 15 | 52 | 52.00 | 1 | 1 |
| Science - Chemistry | 0 | 2 | 1 | 0 | 15 | 117 | 123.50 | 0 | 0 |
| Religion | 0 | 1 | 0 | 0 | 10 | 94 | 94.00 | 0 | 0 |
| Science - Other Science | 0 | 1 | 0 | 0 | 10 | 98 | 98.00 | 0 | 1 |
| Science - Biology | 0 | 0 | 0 | 0 | 0 | 0.00 | 0 | 0 | |
| History - American History | 0 | 0 | 0 | 0 | 0 | 0.00 | 0 | 0 | |
| Fine Arts - Other Fine Arts | 0 | 0 | 0 | 0 | 0 | 0.00 | 0 | 0 | |
| Philosophy | 0 | 0 | 0 | 0 | 0 | 0.00 | 0 | 0 |